| 000 | 00550nam a22001817a 4500 | ||
|---|---|---|---|
| 999 |
_c188349 _d188349 |
||
| 005 | 20220519143340.0 | ||
| 010 | _aENG-132701 | ||
| 020 |
_a9788177356694 _c150.00 |
||
| 035 | _aEN-116233 | ||
| 037 | _bDBAD/PUB | ||
| 082 | _a483.1 | ||
| 100 | _aThomas, D. | ||
| 245 |
_a4000 Phrasal Verbs and 1000 Modifications/ _cD. Thomas |
||
| 260 |
_aChennai _bPavai Publications _c2011 |
||
| 270 |
_a142, Jani Jan Khan Road, Royapettah _bChennai _e600014 _mpavai123@yahoo.com |
||
| 300 |
_a320p. _c21cm(pbk) |
||
| 942 |
_2ddc _cEN _h483.1 _mTHO |
||